Studies in the social thought of M.G. Ranade (Record no. 371576)

000 -LEADER
fixed length control field 00407cam a22001337a 4500
008 - FIXED-LENGTH DATA ELEMENTS--GENERAL INFORMATION
fixed length control field 180718b1963 xxu||||| |||| 00| 0 eng d
082 ## - DEWEY DECIMAL CLASSIFICATION NUMBER
Classification number B2 R15/J185
100 ## - MAIN ENTRY--PERSONAL NAME
Personal name Jagirdar, P.J.
245 ## - TITLE STATEMENT
Title Studies in the social thought of M.G. Ranade
Statement of responsibility, etc. by P.J. Jagirdar
260 ## - PUBLICATION, DISTRIBUTION, ETC.
Place of publication, distribution, etc. Bombay
Name of publisher, distributor, etc. Asia
Date of publication, distribution, etc. 1963
300 ## - PHYSICAL DESCRIPTION
Extent 148p.
650 ## - SUBJECT ADDED ENTRY--TOPICAL TERM
Topical term or geographic name entry element Political Science.
650 ## - SUBJECT ADDED ENTRY--TOPICAL TERM
Topical term or geographic name entry element Rande, Mahdev Govind - Criticism and Interpretation
Holdings
Withdrawn status Lost status Damaged status Not for loan Permanent Location Current Location Date acquired Full call number Barcode Date last seen Price effective from Koha item type
        Indian Institute of Public Administration Indian Institute of Public Administration 1994-06-10 B2 R15/J185 34708 2018-07-21 2018-07-21 Book

Powered by Koha